000 00310nam a2200133 i 4500
001 bg
100 1 _aWOŁCZEK, Olgierd
245 0 _aCzłowiek i tamci z kosmosu /
_cOlgierd Wołczek.
260 _aWrocław,
_c1984.
040 _cBPK
041 _apol
942 _cKS
008 s pl f |000 0 pol
999 _c859
_d859
856 _uhttp://koha.tu.koszalin.pl/cgi-bin/koha/opac-detail.pl?biblionumber=859
_yKatalog online BPK